| 000 | 01826cam a22004094i 4500 | ||
|---|---|---|---|
| 003 | PE-LiUPU | ||
| 005 | 20250731175626.0 | ||
| 008 | 150623s r 000 0 d | ||
| 020 | _a9659024045 | ||
| 035 | _a(Sirsi) i9789659024049 | ||
| 040 |
_aPE-LiUPU _bspa _cPE-LiUPU _erda |
||
| 049 | _aPRUA | ||
| 082 | 0 | 4 |
_a492.1 _bD63 _221 |
| 100 | 1 |
_aDeutsch, Robert, _eautor. |
|
| 245 | 1 | 0 |
_aWest Semitic Epigraphic News of the 1st. Millennium BCE / _cRobert Deutsch. |
| 264 | 1 |
_aTel Aviv, Israel : _bArchaeological Center Publications, _c1999. |
|
| 300 |
_a96 páginas : _bilustraciones, fotos, gráficos ; _c23 centímetros |
||
| 336 |
_atext _2rdacontent |
||
| 337 |
_aunmediated _2rdamedia |
||
| 338 |
_avolume _2rdacarrier |
||
| 504 | _aIncluye bibliografía. | ||
| 505 | 0 | _aA phoenician arrowheads. -Two inscribed canaanite arrowheads. -An updates list of inscribed phoenician bronze arrowheads. -An inscribed phoenician krater. -The upper part of a Hebrew-inscribed decanter. -Two hebrew ostraca. -Nineteen hebrew bone seals. -An ammonite royal seals. -An moabite seal. -Twelve hebrew bullae. -Two fiscal bullae. -An aramaic bulla. -Astorage-Jar handle with two hebrew personal seal impressions, -Plates. | |
| 526 | _aP145 | ||
| 526 | _aP127 | ||
| 526 | _aP97 | ||
| 526 | _aP35 | ||
| 526 | _aP14 | ||
| 526 | _aP07 | ||
| 650 | 0 | 4 | _aInscripciones semíticas. |
| 700 | 1 | _aHeltzer, Michael. | |
| 942 |
_2ddc _cBOOK |
||
| 949 |
_a492.1 D63 _wDEWEY _c1 _i49497 _lCCODEBUL1 _mBUL _r0 _sY _tBOOK _u2015-6-24 _xTEOLOGIA _PP35 _0COMPRA _o.STAFF. Colección General |
||
| 994 |
_aC0 _bPEPRU |
||
| 596 | _a1 | ||
| 999 |
_a492.1 D63 _wDEWEY _c30290 _i49497 _f2021-11-12 _g5 _lCCODEBUL1 _mBUL _r0 _sY _tBOOK _u2015-6-24 _xTEOLOGIA _PP35 _0COMPRA _o.STAFF. Colección General _d30290 |
||
| 980 |
_81 _gALBERTO SANCHEZ Responsable de Automatización |
||